01655nam a2200313 4500001000400000003000400004005001700008008004100025020001800066040000800084041001300092082001700105100002300122240002300145245014300168260003200311300001600343490001600359520078100375650002501156650002001181650001001201650002201211650001901233655001001252700003201262700003101294830001601325106OSt20250327120738.0250127b |||||||g |||| 00| j eng d a9788565765985 bpor hengapor a028.5bC343f aCass, kierad1981- aHappily Ever After aFelizes para sempre:bAntologia de contos da Seleção /cCass, Kiera ; Tradução de Cristian Clemente e Ilustração de Sandra Suy aSão PaulobSeguintec2016 a343 p.bil.1 aSeleção aEsta coletânea traz os contos A rainha, O príncipe, O guarda e A favorita ilustrados e com introduções de Kiera Cass. Conheça o príncipe Maxon antes de ele se apaixonar por America, e a rainha Amberly antes de ser escolhida por Clarkson. Veja a Seleção através dos olhos de um guarda que perdeu seu primeiro amor e de uma Selecionada que se apaixonou pelo garoto errado. Você encontrará, ainda, cenas inéditas da série narradas pelos pontos de vista de Celeste e Lucy, um texto contando o que aconteceu com as outras Selecionadas depois do fim da competição e um trecho exclusivo de A sereia, o novo romance de Kiera Cass. Este é um livro essencial para os fãs de A Seleção, que poderão mergulhar mais nesse universo tão apaixonante.  0aLiteratura Americana 0aAmor e Paixão 0aDrama 0aHistorias curtas  0aInfantojuvenil 0aConto aCristian ClementeeTradutor aSandra SuyeIlustração aSeleção